Legislation (Record no. 671379)

MARC details
000 -LEADER
fixed length control field 00345nam a2200145Ia 4500
008 - FIXED-LENGTH DATA ELEMENTS--GENERAL INFORMATION
fixed length control field 230717s9999 xx 000 0 und d
020 ## - INTERNATIONAL STANDARD BOOK NUMBER
International Standard Book Number 0-421-41360-3
041 ## - LANGUAGE CODE
Language code of text/sound track or separate title eng
082 ## - DEWEY DECIMAL CLASSIFICATION NUMBER
Classification number 340
Item number MIE
100 ## - MAIN ENTRY--PERSONAL NAME
Personal name Miers D.R
245 ## - TITLE STATEMENT
Title Legislation
250 ## - EDITION STATEMENT
Edition statement 2ed.
260 ## - PUBLICATION, DISTRIBUTION, ETC.
Place of publication, distribution, etc. London
Name of publisher, distributor, etc. Sweet And Maxwell Limited
Date of publication, distribution, etc. 1990
700 ## - ADDED ENTRY--PERSONAL NAME
Personal name Page A.C.,
Holdings
Withdrawn status Lost status Damaged status Not for loan Collection Home library Current library Shelving location Date acquired Cost, normal purchase price Total Checkouts Full call number Barcode Date last seen Price effective from Koha item type
Withdrawn       NLP LL.B New Law College, Pune New Law College, Pune NLP-Rack No-58 31/03/1999 1404.00   340 MIE NLP-N04673 17/07/2023 17/07/2023 Book